00342nam a2200133Ia 4500008004100000020001500041041001200056082001100068100001800079245005900097260002500156300000800181650001900189221030s9999 xx 000 0 und d a0070616787 aEnglish a105.23 aT. Veerarajan 0aDiscrete Mathematics With Graph Theory & Combinatorics bTMHaNew Delhic2009 a531 aBE Mathematics